Immigration to Portugal by Country - Statistics

General Stats
  • This quiz has been taken 87 times
  • The average score is 16 of 20
Answer Stats
Population (2024) Country % Correct
360,000 Brazil
97%
77,000 France
96%
19,000 Spain
96%
41,000 United Kingdom
94%
21,000 Germany
92%
35,000 India
92%
34,000 Italy
91%
162,000 Angola
88%
28,000 China
88%
31,000 Mozambique
82%
45,000 Ukraine
81%
200,000 Cape Verde
77%
23,000 Romania
74%
12,000 Netherlands
72%
16,000 São Tomé and Príncipe
72%
25,000 Bangladesh
68%
10,000 Pakistan
68%
24,000 Guinea-Bissau
64%
100,000 Venezuela
51%
51,000 Nepal
38%
No matching quizzes found
Score Distribution
Percent of People with Each Score
Percentile by Number Answered
Your Score History
You have not taken this quiz